Visualizzazione normale
Vista MARC
- Gatti M., Contini I., Menconi A., D'Ambrosi R
di Personal Name
Records bibliografici associati: 1
001 - CONTROL NUMBER
- control field: 62192
003 - CONTROL NUMBER IDENTIFIER
- control field:
005 - DATE AND TIME OF LATEST TRANSACTION
- control field: 20250520115811.0
008 - FIXED-LENGTH DATA ELEMENTS
- fixed length control field: 250520|| aca||aabn | a|a d
040 ## - CATALOGING SOURCE
- Original cataloging agency:
- Transcribing agency:
100 ## - HEADING--PERSONAL NAME
- Personal name: Gatti M., Contini I., Menconi A., D'Ambrosi R
670 ## - SOURCE DATA FOUND
- Source citation: Work cat.: ()206475: Tranquillini Giuseppe (et al.) 62191, Un nuovo modo di essere donna., 1983